000 01243nam a22003497a 4500
003 CHAP
005 20220329140856.0
008 971013s1995 r 00010 d
010 _a59110
011 _a60082
035 _a64242
040 _cCHAP
090 _aTesis
100 0 0 _aSánchez García, Víctor Manuel.
_9107542
245 _aInoculación de trigo (Triticum aestivum. L.) tolerante a sequía con Azospirillum spp. bajo condiciones de temporal en Chapingo, México
260 _aChapingo, Méx. :
_bEl autor,
_c1995
300 _a49 h.
502 _aTesis (Ing. Agr. Esp. en Fitotecnia) -- UACH. Departamento de Fitotecnia
590 _aALEPH
_b10
_c20130110
_lUCH01
_h1337
590 _aBATCH-UPD
_b10
_c20130110
_lUCH01
_h0439
590 _aBATCH-UPD
_b10
_c20130410
_lUCH01
_h0115
590 _aBATCH-UPD
_b10
_c20130913
_lUCH01
_h2148
590 _aCONVERSION
_b10
_c20130109
_lUCH01
_h1332
650 1 4 _aAgricultura de temporal.
_91999
650 1 4 _aAzospirillum.
_99126
650 1 4 _aTrigo
_xInoculación.
_9115045
650 1 4 _aTrigo
_xResistencia a sequía.
_9115094
901 _aBK
942 _cFOLL
949 _bBC
_cTES
_d-139952
_eTS1
_h28668
_i64242
_si
949 _bBC
_cTES
_d33724000077319
_eTS2
_fc.2
_h28669
_i64242
_si
999 _c59110
_d59110